Normal view
MARC view
- الأطفال المعوقون-تعليم. الأطفال المعوقون-رعاية
Entry Topical Term
001 - CONTROL NUMBER
- control field: 23207
003 - CONTROL NUMBER IDENTIFIER
- control field: JO-AjAnu
005 - DATE AND TIME OF LATEST TRANSACTION
- control field: 20230606074007.0
008 - FIXED-LENGTH DATA ELEMENTS
- fixed length control field: 230606|| aca||aabn | a|a d
040 ## - CATALOGING SOURCE
- Original cataloging agency: JO-AjAnu
- Transcribing agency: JO-AjAnu
150 ## - HEADING--TOPICAL TERM
- Topical term or geographic name entry element: الأطفال المعوقون-تعليم. الأطفال المعوقون-رعاية
670 ## - SOURCE DATA FOUND
- Source citation: Work cat.: (JO-AjAnu)11927: الخطيب،جمال جمع وتحرير وتدريب/الحديدي،منى جمع وتعريب وتحرير , author 23206, برنامج تدريبي للأطفال المعاقين